[Event "Robecchetto Spring 11th B"]
[Site "Robecchetto"]
[Date "2014.05.26"]
[Round "6"]
[White "Frignani, Alessandro"]
[Black "Garcia Rubi, Juan"]
[Result "1-0"]
[WhiteElo "1409"]
[BlackElo "1413"]
[PlyCount "145"]
[EventDate "2014.04.10"]
[EventType "swiss"]
[EventRounds "9"]
[EventCountry "ITA"]
[SourceTitle "EXT 2024"]
[Source "ChessBase"]
[SourceDate "2023.10.10"]
[SourceVersion "1"]
[SourceVersionDate "2023.10.10"]
[SourceQuality "1"]

1. e4 c5 2. f4 Nc6 3. Nf3 e6 4. g3 g6 5. Bg2 Bg7 6. Qe2 d6 7. Nc3 Nge7 8. d3 Nd4 9. Qd2 b6 10. Nxd4 Bxd4 11. Ne2 Bg7 12. c3 Bb7 13. d4 cxd4 14. Nxd4 Qd7 15. Qe2 Nc6 16. Nb3 Rc8 17. Bd2 a6 18. Qe3 Qc7 19. Bf1 b5 20. Be2 Na5 21. 0-0 Nc4 22. Bxc4 bxc4 23. Nd4 0-0 24. b4 Bc6 25. h3 Rb8 26. g4 Rfe8 27. Rae1 e5 28. Ne2 exf4 29. Qxf4 Rxe4 30. Qg3 Rbe8 31. Nc1 Be5 32. Qf2 Rxe1 33. Rxe1 Rf8 34. Ne2 f5 35. g5 Be4 36. Nd4 Qe7 37. h4 d5 38. Nc6 Qd6 39. Nxe5 Qxe5 40. Qf4 Qxf4 41. Bxf4 Kf7 42. Kf2 Ke6 43. Ke3 Kd7 44. Kd4 Kc6 45. a4 Rf7 46. Ke5 Rb7 47. Be3 Kd7 48. Kf6 Ke8 49. Re2 Rf7+ 50. Ke5 Re7+ 51. Kd4 Rc7 52. Bf4 Rc8 53. Rb2 Kd7 54. b5 axb5 55. axb5 Rc7 56. Bxc7 Kxc7 57. Kc5 f4 58. Ra2 Kb7 59. b6 d4 60. Ra7+ Kb8 61. Kxd4 Bb7 62. Kxc4 f3 63. Kd3 Kc8 64. c4 Kb8 65. c5 Kc8 66. Ke3 Kb8 67. c6 Bxc6 68. Rxh7 Kc8 69. Rg7 f2 70. Kxf2 Be4 71. Ke3 Bc6 72. Rxg6 Kb7 73. Rxc6 1-0